| 000 | 00346nam a2200133Ia 4500 | ||
|---|---|---|---|
| 008 | 211109s9999||||xx |||||||||||||| ||und|| | ||
| 082 |
_a944.04 _bCAR-F |
||
| 100 | _aCarlyle, Thomas | ||
| 245 | 0 | _aFRENCH REVOLUTION | |
| 260 |
_bHAPMAN AND HALL _aNew York _c2000 |
||
| 630 | _xGeneral Stack | ||
| 650 |
_aWorld History _vFrance _xHistory |
||
| 942 | _cBOOK | ||
| 999 |
_c435 _d435 |
||